000 00736nam a2200265Ia 4500
005 20260302114119.0
008 008 260114s9999 xx 000 0 eng d
020 _a9781350166103
037 _aTextbook
040 _aCRL
040 _beng
040 _cCRL
041 _2eng
041 _aeng
084 _qCRL
100 _aAnne Pollok and Courtney D. Fugate
_91117796
245 4 _aThe Human Vocation in German Philosophy Critical Essays and 18th Century Sources
260 _bBloomsbury
260 _bBloomsbury Academic
260 _c2023
650 _aPhilosophy
856 _uhttps://doi.org/10.5040/9781350166103?locatt=label:secondary_bloomsburyCollections
942 _cEBOOK
999 _c1681387
_d1681387